THE CURRENCY OF POLITICS: THE POLITICAL THEORY OF MONEY FROM ARISTOTLE TO KEYNES (Record no. 6774)

MARC details
000 -LEADER
fixed length control field 00355nam a2200121Ia 4500
008 - FIXED-LENGTH DATA ELEMENTS--GENERAL INFORMATION
fixed length control field 250327s9999 xx 000 0 und d
020 ## - INTERNATIONAL STANDARD BOOK NUMBER
International Standard Book Number 9780691191072
082 ## - DEWEY DECIMAL CLASSIFICATION NUMBER
Item number EIC
Classification number CQR
100 ## - MAIN ENTRY--PERSONAL NAME
Personal name STEFAN EICH
9 (RLIN) 34092
245 #0 - TITLE STATEMENT
Title THE CURRENCY OF POLITICS: THE POLITICAL THEORY OF MONEY FROM ARISTOTLE TO KEYNES
260 ## - PUBLICATION, DISTRIBUTION, ETC.
Name of publisher, distributor, etc. PRINCETON UNIVERSITY PRESS
942 ## - ADDED ENTRY ELEMENTS (KOHA)
Koha item type Book
Holdings
Date last seen Total Checkouts Full call number Barcode Cost, replacement price Price effective from Koha item type Lost status Damaged status Not for loan Withdrawn status Home library Current library Shelving location Date acquired Cost, normal purchase price
03/27/2025   332.4 EIC 002444 3858.75 03/27/2025 Book         Indian Institute of Management Visakhapatnam Indian Institute of Management Visakhapatnam General 03/27/2025 3858.75

Copyright © 2024 Indian Institute of Management Visakhapatnam
Koha v23.05